Basuras I y II (Registro nro. 16474)

Detalles MARC
000 -CABECERA
Campo de control 007540000a22002410004500
041 0# - IDIOMA
Código de idioma para texto/pista de sonido o título separado
090 ## - CLASIFICACIÓN LOCAL
Colección MM
Consecutivo 00024
041 0# - IDIOMA
Código de idioma para texto/pista de sonido o título separado
110 1# - ASIENTO PRINCIPAL--NOMBRE CORPORATIVO
Nombre corporativo o de jurisdicción como elemento de entrada Alcaldía Mayor de Bogotá
-- DAMA
245 10 - MENCION DE TITULO
Título Basuras I y II
260 ## - PUBLICACION, DISTRIBUCION, ETC. (PIE DE IMPRENTA)
Lugar de publicación, distribución, etc. Bogotá
Nombre del editor, distribuidor, etc. DAMA
Fecha de publicación, distribución, etc. 1994
300 ## - DESCRIPCION FISICA
Extensión 45 min
Otros detalles físicos VHS
500 ## - NOTA GENERAL
Nota general <Programa Jungla de Asfalto>
650 14 - ASIENTO SECUNDARIO DE MATERIA - TERMINO TEMATICO
Término temático o nombre geográfico como elemento de entrada Desechos sólidos
650 14 - ASIENTO SECUNDARIO DE MATERIA - TERMINO TEMATICO
Término temático o nombre geográfico como elemento de entrada Contaminación ambiental
650 14 - ASIENTO SECUNDARIO DE MATERIA - TERMINO TEMATICO
Término temático o nombre geográfico como elemento de entrada Manejo de desechos
650 14 - ASIENTO SECUNDARIO DE MATERIA - TERMINO TEMATICO
Término temático o nombre geográfico como elemento de entrada Reciclaje
650 14 - ASIENTO SECUNDARIO DE MATERIA - TERMINO TEMATICO
Término temático o nombre geográfico como elemento de entrada Rellenos sanitarios
650 14 - ASIENTO SECUNDARIO DE MATERIA - TERMINO TEMATICO
Término temático o nombre geográfico como elemento de entrada Desechos orgánicos
650 14 - ASIENTO SECUNDARIO DE MATERIA - TERMINO TEMATICO
Término temático o nombre geográfico como elemento de entrada Granjas integrales
651 #4 - ASIENTO SECUNDARIO DE MATERIA - NOMBRE GEOGRAFICO
-- Sabana de Bogotá
-- Cundinamarca
-- Colombia
942 ## - ELEMENTOS ADICIONALES (KOHA)
Tipo de ítem CD-ROM
Existencias
Withdrawn status Lost status Sistema de Clasificación Damaged status No para préstamo Colección Ubicación Permanente Ubicación actual Fecha de adquisición Fuente de Valor Total Checkouts Número topográfico Inventario / Código de Barras Date last seen Ejemplar Price effective from Forma de adquisición Tipo de material
    Local     Audiovisual Bogotá Bogotá 09/02/2017 Desconocido   AV-00024 018273 25/03/2015 Ej. 1 25/03/2015 Donación VHS
          Audiovisual Villa de Leyva Villa de Leyva 27/02/2015 INDERENA   MM 00024 AUTO_19857 25/03/2015   25/03/2015   CD-ROM